Alle Gerichte des Saarlandes - Statistiken

Allgemein
  • Dieses Quiz wurde 35 mal gespielt
  • Das Durchschnittsergebnis liegt bei 17 aus 20
Antwortstatistiken
Gerichtsbezeichnung Standort % Korrekt
Verfassungsgerichtshof des Saarlandes Saarbrücken
100%
Saarländisches Oberlandesgericht Saarbrücken
100%
Landgericht Saarbrücken
100%
Amtsgericht Saarbrücken
100%
Landessozialgericht des Saarlandes Saarbrücken
100%
Sozialgericht Saarbrücken
100%
Finanzgericht des Saarlandes Saarbrücken
100%
Landesarbeitsgericht Saarbrücken
100%
Arbeitsgericht des Saarlandes Saarbrücken
100%
Amtsgericht Saarlouis
97%
Oberverwaltungsgericht des Saarlandes Saarlouis
97%
Verwaltungsgericht des Saarlandes Saarlouis
97%
Amtsgericht Homburg
87%
Amtsgericht Merzig
87%
Amtsgericht Neunkirchen
84%
Amtsgericht St. Wendel
71%
Amtsgericht Völklingen
68%
Amtsgericht St. Ingbert
65%
Amtsgericht Ottweiler
45%
Amtsgericht Lebach
35%
Keine übereinstimmenden Quizze gefunden
Verteilung der Resultate
Anzahl Personen mit jedem Resultat
Perzentil nach korrekt beantworteten Fragen
Ihre Resultats-Entwicklung
Sie haben dieses Quiz noch nicht gespielt